| 000 | 00482nam a2200157Ia 4500 | ||
|---|---|---|---|
| 008 | 100415s9999 xx 000 0 und d | ||
| 082 |
_b22034 _a598.2(73) |
||
| 100 | _aWetmore Alexander | ||
| 245 | _aWater Pray and Games: Birds of North America | ||
| 260 |
_aWASHINGTON _c0 _bNATIONAL GEOGRAPHIC SOCIETY |
||
| 365 | _b0 | ||
| 530 | _bDonated | ||
| 630 | _aWater Pray and Games: Birds of North America | ||
| 730 | _aWater Pray and Games: Birds of North America | ||
| 942 | _cBOOK | ||
| 999 |
_c604916 _d604913 |
||